Príspevok k tranformácii vonkajšieho namáhania mechanického systému na jeho podsystémy. /

Gespeichert in:
Bibliographische Detailangaben
1. Verfasser: Starek, Ladislav, 1950- (Verfasst von)
Format: Manuskript Buch
Veröffentlicht: Bratislava : SVŠT v Bratislave SjF, 1977
Tags: Tag hinzufügen
Keine Tags, Fügen Sie das erste Tag hinzu!

MARC

LEADER 00000ntm a22000003a 4500
001 stu47587
005 20150617225711.0
008 ------s1977----cs----------------------d
040 |a STU  |b slo 
041 0
044 |a cs 
080 |a 539.4.012 
080 |a 620.17 
100 1 |a Starek, Ladislav,  |d 1950-  |4 aut  |u J250  |U SjF Ústav aplikovanej mechaniky a mechatroniky  |T SjF Katedra technickej mechaniky  |X 2445  |U J250  |Y 48  |7 A000002445 
245 1 |a Príspevok k tranformácii vonkajšieho namáhania mechanického systému na jeho podsystémy. /  |c [aut.] Starek,Ladislav 
260 |a Bratislava :  |b SVŠT v Bratislave SjF,  |c 1977 
300 |a 81 s 
996 |b J55556  |c J*55556/DIZ.  |l JJSK  |s A  |a 24  |w stu47587_0001